| 000 | 00821nam a2200277 i 4500 | ||
|---|---|---|---|
| 001 | 000028682 | ||
| 003 | DO-SdBNP | ||
| 005 | 20240229073936.0 | ||
| 007 | ta | ||
| 008 | 110411s1948 dr 000 0 spa d | ||
| 040 |
_aDO-SdBNP _bspa _cBNPHU _erda |
||
| 049 | _aBNPD | ||
| 082 |
_bD611d _222 |
||
| 100 | 1 |
_aTrujillo Molina, Rafael Leónidas, _d 1891-1961 _eautor _976764 |
|
| 245 | 0 |
_aDiscursos, mensajes y proclamas/ _dRafael L. Trujillo |
|
| 264 |
_aSantiago, República Dominicana : _bEl Diario, _c1948. |
||
| 300 |
_a130 paginas ; _c24 cm. |
||
| 336 |
_2rdacontent _atexto _btxt |
||
| 337 |
_2rdamedia _asin mediación _bn |
||
| 338 |
_2rdacarrier _avolumen _bnc |
||
| 500 | 2 | _aÍndice general | |
| 500 | _aLa biblioteca posee el v. 8 | ||
| 590 | _aInventariado, 2023 / DG | ||
| 910 | _aDG | ||
| 942 |
_2ddc _cLBS1 |
||
| 999 |
_c28174 _d28174 |
||